An die Freyhalter und Einwohner der Stadt und County Philadelphia, deutscher Nation.

Bibliographic Details
Format: eBook
Language:German
Published: [Philadelphia] : Gedruckt [bey Anton Armbrüster], Im Jahr 1764.
Series:Early American imprints. Evans (1639-1800) ; no. 9575.
Subjects:
Online Access:Evans Digital Edition

MARC

Tag First Indicator Second Indicator Subfields
LEADER 00000cam a22000001a 4500
001 in00002130921
006 m e d #
007 cr mn mmmmabba
008 851031s1764 pau s 000 0 ger d
005 20260330214021.8
035 |z w030972 
035 |a MAAR8510313305B 
035 |9 mwa91-18005 
035 |a 313958 
035 |a aas03030972 
040 |a MWA  |c MWA  |e bdrb  |d UtOrBLW 
245 0 0 |a An die Freyhalter und Einwohner der Stadt und County Philadelphia, deutscher Nation. 
264 1 |a [Philadelphia] :  |b Gedruckt [bey Anton Armbrüster],  |c Im Jahr 1764. 
300 |a 4 unnumbered pages ;  |c (quarto) 
336 |a text  |b txt  |2 rdacontent 
337 |a computer  |b c  |2 rdamedia 
338 |a online resource  |b cr  |2 rdacarrier 
500 |a Opposing the election of Benjamin Franklin. 
500 |a Dated: Philadelphia, den 27sten August, 1764. Ascribed to the press of Anthony Armbruster by Evans. 
510 4 |a Evans  |c 9575 
510 4 |a Hildeburn, C.R. Pennsylvania,  |c 1946 
510 4 |a Bötte & Tannhof. German printing,  |c 298 
530 |a Microform version available in the Readex Early American Imprints series. 
533 |a Electronic text and image data.  |b [Chester, Vt. :  |c Readex, a division of Newsbank, Inc.,  |d 2002-2004.  |e Includes files in TIFF, GIF and PDF formats with inclusion of keyword searchable text.  |f (Early American imprints. First series ; no. 9575). 
500 |a Electronic resource. 
600 1 0 |a Franklin, Benjamin,  |d 1706-1790. 
651 0 |a Pennsylvania  |x Politics and government  |y To 1775. 
752 |a United States  |b Pennsylvania  |d Philadelphia. 
830 0 |a Early American imprints.  |n Series I,  |p Evans (1639-1800) ;  |v no. 9575. 
856 4 1 |u http://proxy.library.tamu.edu/login?url=https://opac.newsbank.com/select/evans/9575  |y Evans Digital Edition  |t 0 
999 |a MARS 
999 f f |s 5483938e-980f-3cb6-9ccb-25113e2b1c33  |i 3cab1768-7fa6-3d3c-bb6e-3c8e43bf5769  |t 0 
952 f f |a Texas A&M University  |b College Station  |c Electronic Resources  |s www_evans  |d Available Online  |t 0  |h No information provided 
998 f f |t 0  |l Available Online